Football - Les 10 plus gros transferts (2019-2020) - Statistiques

Statistiques générales
  • Ce quiz a été pris 88 fois
  • Le résultat moyen est 8 sur 10
Statistiques - réponses
Rang Club Précédent Nouveau Club Montant Joueur % Correct
3 Atletico Madrid Barcelone 120 000 000 € Antoine Griezmann
95%
1 Benfica Atletico Madrid 127 200 000 € Joao Felix
94%
2 Chelsea Real Madrid 120 800 000 € Eden Hazard
90%
5 Ajax Amsterdam Barcelone 86 000 000 € Frenkie De Jong
90%
6 Ajax Amsterdam Juventus 85 500 000 € Matthijs De Ligt
86%
7 LOSC Arsenal 80 000 000 € Nicolas Pépé
79%
4 Leicester City Manchester United 87 000 000 € Harry Maguire
78%
10 Atletico Madrid Manchester City 70 000 000 € Rodri
70%
8 Atletico Madrid Bayern Munich 80 000 000 € Lucas Hernandez
69%
9 Manchester United Inter Milan 74 000 000 € Romelu Lukaku
68%
Aucun quiz correspondant
Distribution des résultats
% des personnes avec chaque résultat
Percentile par nombre de réponses
Votre historique - résultats
Vous n’avez pas pris ce quiz